| 000 | 00941nam a2200229Ia 4500 | ||
|---|---|---|---|
| 001 | 9095 | ||
| 003 | GE_BSU | ||
| 008 | 181216s||||||||xx |||||||||||||| ||und|| | ||
| 040 | _cGE_BSU | ||
| 080 | _a821.353.1-11 | ||
| 100 | _aლებანიძე,მურმან | ||
| 245 | _aლირიკა:1970,1971,1972,1973 | ||
| 245 | _bისტორიული პოემა: ანისის აღება | ||
| 245 | _cრედ:ი.ორჯონიკიძე;მხატვ:ს.ცინცაძე | ||
| 260 | _aთბილისი. | ||
| 260 | _bმერანი. | ||
| 260 | _c1973 | ||
| 300 | _a238გვ;14სმ | ||
| 300 | _bპორტრ.გარეკანზე;სათაური კანზე:უფლისციხესთან სისხლისფერი ყაყაჩოს წვეთი. | ||
| 653 | _aლირიკა:ანისის აღება | ||
| 942 | _cBK | ||
| 999 |
_c42399 _d42399 |
||